00574nam a22001697a 450000500170000001000150001702000260003203500140005803700090007208200140008110000210009524500640011625000060018026001240018627000740031030000200038420241205112345.0 aENG-142842 a9789354097812c505.00 aEN-126374 aDBAD a707.5421 aManeesha Agarwal aRescurrecting Durbal Indian Art Forms/cby Maneesha Agarwal a1 aNew DelhibDirector General, Publications Division, Ministry of Information and Broadcasting, Government of Indiac2023 aSochna Bhawan, CGO Complex, Lodhi RoadbNew Delhie110003mdpd@nic.in a168p.b28cm(pb)